Ročné zúčtovanie poistného na zdravotné poistenie
Druhy ročného zúčtovania poistného. Lehoty pre ročné zúčtovanie poistného. Vyhláška Ministerstva zdravotníctva SR č. 239/2006 Z.z. Vzory tlačív. Praktické príklady ročného zúčtovania zdravotného poistenia.
Na minha lista:
| Autor principal: | |
|---|---|
| Formato: | Capítulo de Livro |
| Idioma: | eslovaco |
| Assuntos: | |
| Tags: |
Sem tags, seja o primeiro a adicionar uma tag!
|
MARC
| LEADER | 00000naa$a2200000$$$4500 | ||
|---|---|---|---|
| 001 | 0067381 | ||
| 005 | 20240502071817.1 | ||
| 041 | 0 | |a slo | |
| 044 | |a SK | ||
| 245 | 1 | 0 | |a Ročné zúčtovanie poistného na zdravotné poistenie |c Ján Bolgáč |
| 520 | |a Druhy ročného zúčtovania poistného. Lehoty pre ročné zúčtovanie poistného. Vyhláška Ministerstva zdravotníctva SR č. 239/2006 Z.z. Vzory tlačív. Praktické príklady ročného zúčtovania zdravotného poistenia. | ||
| 610 | 2 | 0 | |a poistenie zdravotné |
| 610 | 2 | 0 | |a zúčtovanie |
| 610 | 2 | 0 | |a zamestnávatelia |
| 610 | 2 | 0 | |a zamestnanci |
| 610 | 2 | 0 | |a poistné |
| 610 | 2 | 0 | |a poistníci |
| 610 | 2 | 0 | |a legislatíva |
| 610 | 2 | 0 | |a zdravotníctvo |
| 100 | 1 | |a Bolgáč, Ján, 1959- | |